000 00719nam a2200181Ia 4500
008 090124s9999 xx 000 0 und d
082 _b14532
100 _aगवळी पी. ए.
245 _a पेशवेकालीन गुलामगिरी व अस्पृश्य़ता
250 _a1
260 _bप्रचार प्रकाशन
_c1981
300 _a98
600 _aगवळी पी. ए.
630 _a पेशवेकालीन गुलामगिरी व अस्पृश्य़ता
700 _aगवळी पी. ए.
730 _a पेशवेकालीन गुलामगिरी व अस्पृश्य़ता
942 _cBOOK
999 _c88007
_d88007